000 01129nam a2200229Ia 4500
999 _c6124
_d6124
020 _a0619109092
022 _a9780619109097
050 _aQA75.5
_b.P21
100 1 _aParsons, June Jamrich.
245 1 0 _aComputer concepts :
_bfourth edition--illustrated, complete /
_cJune Jamrich Parsons, Dan Oja.
250 _aFourth edition.
260 _aBoston, Mass. :
_bThomson/Course Technology,
_c©2002.
300 _axvi, 400 pages :
_bcolor illustrations ;
_c28 cm +
_e1 CD-ROM (4 3/4 in).
440 _aIllustrated series., Complete.
500 _aIncludes index.
505 _aUnit A: Computer and Internet Basics -- Unit B: Computer Hardware -- Unit C: Computer Software -- Unit D: Digital Electronics and File Management -- Unit E: Networks and the Internet -- Unit F: Data Security -- Unit G: The Web and E-Commerce -- Unit H: Digital Media -- Unit I: Information Systems Basics -- Unit J: Database Basics -- Unit K: Computer Programming Basics -- Unit L: The Computer Industry
650 0 _aComputer science.
650 0 _aComputers.
650 0 _aComputer software.
700 1 _aOja, Dan.
942 _cBK